Szücs Ferenc százszálalékos hadirokkant kétszer mérgezte meg magát pénteken, mert nem talál helyet magának ebben a világban

Elmentve itt :
Bibliográfiai részletek
Szerző: M. L.
Dokumentumtípus: Cikk
Megjelent: 1926-10-23
Sorozat:Délmagyarország 2 No. 245
Kulcsszavak:Szűcs Ferenc, Öngyilkosság részletes tudósítás
Online Access:http://dmarchiv.bibl.u-szeged.hu/37797
LEADER 00576nab a2200157 i 4500
001 delm37797
005 20180927112924.0
008 180927s1926 hu o 0|| hun d
040 |a SZTE Délmagyarország Archívum  |b hun 
041 |a hun 
100 3 |a M. L.  
245 1 0 |a Szücs Ferenc százszálalékos hadirokkant kétszer mérgezte meg magát pénteken, mert nem talál helyet magának ebben a világban  |h [elektronikus dokumentum] /  |c  M. L.  
260 |c 1926-10-23 
300 |a 3 
490 0 |a Délmagyarország  |v 2 No. 245 
695 |a Szűcs Ferenc, Öngyilkosság részletes tudósítás